ALL Minecraft Commands - Statistics

General Stats
  • This quiz has been taken 9 times
    7 since last reset
  • The average score is 23 of 147
Answer Stats
Bedrock Education Java Answer % Correct
Yes Yes [Removed] /?
100%
Yes Yes Yes /give
100%
Yes Yes Yes /kill
100%
Yes Yes Yes /teleport
100%
Yes Yes Yes /tp
100%
Yes Yes Yes /enchant
75%
Yes Yes Yes /fill
75%
Yes Yes Yes /summon
75%
- - Yes /ban
50%
Yes Yes Yes /clear
50%
- - Yes /data
50%
Yes Yes Yes /execute
50%
Yes Yes Yes /gamemode
50%
Yes Yes Yes /help
50%
- - Yes /item
50%
Yes Yes Yes /locate
50%
Yes Yes Yes /me
50%
Yes Yes Yes /msg
50%
Yes Yes Yes /op
50%
Yes Yes Yes /particle
50%
[Removed] /player
50%
Yes Yes Yes /playsound
50%
Yes Yes Yes /scoreboard
50%
Yes - Yes /stop
50%
Yes Yes Yes /tell
50%
Yes Yes Yes /tellraw
50%
Yes Yes Yes /time
50%
Yes Yes Yes /title
50%
Yes Yes Yes /w
50%
Yes - Yes /whitelist
50%
- - Yes /attribute
25%
- - Yes /ban-ip
25%
- - Yes /debug
25%
Yes Yes Yes /deop
25%
Yes Yes Yes /effect
25%
Yes Yes Yes /function
25%
Yes Yes Yes /gamerule
25%
Yes Yes Yes /kick
25%
Yes Yes Yes /list
25%
- - Yes /pardon
25%
Yes Yes Yes /reload
25%
Yes Yes [Removed] /replaceitem
25%
Yes Yes Yes /say
25%
- - Yes /seed
25%
Yes Yes Yes /setblock
25%
Yes Yes Yes /stopsound
25%
Yes Yes Yes /weather
25%
Yes Yes - /ability
0%
- - Yes /advancement
0%
[Removed] /agent
0%
Yes Yes /aimassist
0%
Yes Yes - /alwaysday
0%
- - Yes /banlist
0%
- - Yes /bossbar
0%
Yes Yes - /camera
0%
Yes Yes - /camerashake
0%
Yes - - /changesetting
0%
Unused /chase
0%
[Removed] /clearInventory
0%
Yes Yes - /clearspawnpoint
0%
Yes Yes Yes /clone
0%
Yes /code
0%
[Removed] /codebuilder
0%
Yes Yes - /connect
0%
Yes Yes /controlscheme
0%
/crash
0%
Yes Yes Yes /damage
0%
- - Yes /datapack
0%
Yes Yes - /daylock
0%
Unused /debugconfig
0%
Unused /debugmobspawning
0%
Unused /debugpath
0%
Yes - - /dedicatedwserver
0%
- - Yes /defaultgamemode
0%
Yes Yes - /dialogue
0%
Yes Yes Yes /difficulty
0%
Yes Yes - /event
0%
- - Yes /experience
0%
- - Yes /fillbiome
0%
Yes Yes - /fog
0%
- - Yes /forceload
0%
Yes Yes - /gametest
0%
[Removed] /gethealth
0%
[Removed] /getpos
0%
[Removed] /health
0%
Yes Yes /hud
0%
Yes Yes - /immutableworld
0%
Yes Yes /inputpermission
0%
- - Yes /jfr
0%
Yes Yes Yes /loot
0%
Yes Yes - /mobevent
0%
Yes Yes - /music
0%
Yes Yes - /ops
0%
- - Yes /pardon-ip
0%
- - Yes /perf
0%
Yes Yes - /permission
0%
Yes Yes Yes /place
0%
Yes Yes - /playanimation
0%
- - Yes /publish
0%
Unused /raid
0%
- - Yes /random
0%
Yes - Yes /recipe
0%
- Yes - /remove
0%
Yes /resourceuri
0%
- - Yes /return
0%
Yes Yes Yes /ride
0%
Yes - - /save
0%
- - Yes /save-all
0%
- - Yes /save-off
0%
- - Yes /save-on
0%
Yes Yes Yes /schedule
0%
Yes Yes - /script
0%
Yes - - /scriptevent
0%
Unused /serverpack
0%
- - Yes /setidletimeout
0%
Yes Yes - /setmaxplayers
0%
Yes Yes Yes /setworldspawn
0%
Unused /spawn_armor_trims
0%
Yes Yes Yes /spawnpoint
0%
- - Yes /spectate
0%
Yes Yes Yes /spreadplayers
0%
Yes Yes - /structure
0%
Yes Yes Yes /tag
0%
Yes /takepicture
0%
- - Yes /team
0%
- - Yes /teammsg
0%
Yes Yes [Removed] /testfor
0%
Yes Yes [Removed] /testforblock
0%
Yes Yes [Removed] /testforblocks
0%
- - Yes /tick
0%
Yes Yes - /tickingarea
0%
[Removed] /timeadd
0%
[Removed] /timelock
0%
[Removed] /timeset
0%
[Removed] /timestop
0%
Yes Yes - /titleraw
0%
- - Yes /tm
0%
Yes Yes [Removed] /toggledownfall
0%
[Removed] [Removed] - /transferserver
0%
- - Yes /trigger
0%
Yes - - /volumearea
0%
Unused /warden_spawn_tracker
0%
Yes Yes - /wb
0%
- - Yes /worldborder
0%
Yes Yes - /worldbuilder
0%
Yes Yes - /wsserver
0%
Yes Yes Yes /xp
0%
No matching quizzes found
Score Distribution
Percent of People with Each Score
Percentile by Number Answered
Your Score History
You have not taken this quiz since the last reset